Norske fylker: Quiz - Statistics

General Stats
  • This quiz has been taken 267 times
  • The average score is 8 of 11
Answer Stats
Picture Answer % Correct
Oslo
93%
Vestland
78%
Innlandet
77%
Trøndelag
77%
Viken
77%
Agder
75%
Troms og Finnmark
75%
Nordland
70%
Møre og Romsdal
68%
Rogaland
67%
Vestfold og Telemark
40%
No matching quizzes found
Score Distribution
Percent of People with Each Score
Percentile by Number Answered
Your Score History
You have not taken this quiz